Petit lexique breton - Clic Quiz - Statistiques

Statistiques générales
  • Ce quiz a été pris 7 960 fois
  • Le résultat moyen est 10 sur 18
Statistiques - réponses
Hint Extra Hint Réponse % Correct
Ya Sélectionnez la traduction Oui
89%
Kastell Sélectionnez la traduction Château
85%
Amann Sélectionnez la traduction Beurre
74%
Nann Sélectionnez la traduction Non
70%
Mor Sélectionnez la traduction Mer
68%
Kenavo Sélectionnez la traduction Au revoir
62%
Degemer mat Sélectionnez la traduction Bienvenue
61%
Noz Sélectionnez la traduction Nuit
58%
Krampouezh Sélectionnez la traduction Crêpes
53%
Bagad Sélectionnez la traduction Troupe
51%
Korrigan Sélectionnez la traduction Lutin
50%
Arvor Sélectionnez la traduction Littoral
41%
Gwenn Sélectionnez la traduction Blanc
40%
Demat Sélectionnez la traduction Bonjour
40%
Kêr Sélectionnez la traduction Ville
37%
Du Sélectionnez la traduction Noir
31%
Bihan Sélectionnez la traduction Petit
28%
Enez Sélectionnez la traduction Île
24%
Aucun quiz correspondant
Distribution des résultats
% des personnes avec chaque résultat
Percentile par nombre de réponses
Votre historique - résultats
Vous n’avez pas pris ce quiz